ՀՀ Գիտությունների ազգային ակադեմիայի հիմնարար գիտական գրադարան  =   Fundamental Scientific Library of NAS RA

Биобиблиографический словарь профессоров и преподавателей Казанского университета : (Record no. 250773)

MARC details
000 -LEADER
fixed length control field 00935nam a2200193 a 4500
001 - CONTROL NUMBER
control field 000676795
003 - CONTROL NUMBER IDENTIFIER
control field AM-YeHGA
005 - DATE AND TIME OF LATEST TRANSACTION
control field 20250617142103.0
008 - FIXED-LENGTH DATA ELEMENTS--GENERAL INFORMATION
fixed length control field 090804s1986 ||| r 000 0 rus d
040 ## - CATALOGING SOURCE
Original cataloging agency AM-YeHGA
041 0# - LANGUAGE CODE
Language code of text/sound track or separate title rus
090 ## - LOCALLY ASSIGNED LC-TYPE CALL NUMBER (OCLC); LOCAL CALL NUMBER (RLIN)
-- 252370
245 00 - TITLE STATEMENT
Title Биобиблиографический словарь профессоров и преподавателей Казанского университета :
Remainder of title 1905-1917 /
Statement of responsibility, etc. [Составители Е. М. Мишина и др.].
260 ## - PUBLICATION, DISTRIBUTION, ETC.
Place of publication, distribution, etc. Казань :
Name of publisher, distributor, etc. Изд-во Казан. ун-та,
Date of publication, distribution, etc. 1986.
300 ## - PHYSICAL DESCRIPTION
Extent 80 с.
653 0# - INDEX TERM--UNCONTROLLED
Uncontrolled term Университеты - История - Биобиблиографические словари
653 0# - INDEX TERM--UNCONTROLLED
Uncontrolled term Университеты - Профессорско-преподавательский состав - Биобиблиографические словари
700 1# - ADDED ENTRY--PERSONAL NAME
Personal name Мишина, Е.М.
Relator term сост.
Relationship com
Holdings
Withdrawn status Lost status Damaged status Not for loan Collection Home library Current library Date acquired Total checkouts Full call number Barcode Date last seen Price effective from Koha item type Public note
        General Fundamental Scientific Library Fundamental Scientific Library 29/12/2016   PII/558898 FL0125722 29/12/2016 29/12/2016 Գրքեր / Books 30 Days Loan
        General Fundamental Scientific Library Fundamental Scientific Library 29/12/2016   PII/561016 FL0116042 29/12/2016 29/12/2016 Գրքեր / Books 30 Days Loan


ՀՀ ԳԱԱ հիմնարար գիտական գրադարան
ՀՀ,Երևան 0019
Մարշալ Բաղրամյան 24/6
հեռախոս:(374-10) 52-47-50
Հետադարձ կապ

All site content, except where otherwise noted, is licensed under a
Creative Commons License